Flags of Balkan Quiz - Statistics

General Stats
  • This quiz has been taken 22 times
  • The average score is 11 of 11
Answer Stats
Picture Answer % Correct
Bulgaria
100%
Croatia
100%
Greece
100%
North Macedonia
100%
Romania
100%
Serbia
100%
Albania
94%
Bosnia
94%
Montenegro
94%
Slovenia
94%
Turkey
88%
No matching quizzes found
Score Distribution
Percent of People with Each Score
Percentile by Number Answered
Your Score History
You have not taken this quiz